000 00517nam a2200193 i 4500
001 C2-0294262
003 PPAK
005 20180728030017.0
008 090102s1973 my |||| ||||| | may d
040 _aPPAK
_beng
_cPPAK
_erda
100 0 _aJihaty Abadi,
_eauthor
245 1 0 _aDarah Merah
_bAntologi Sajak
264 1 _aKuala Lumpur :
_bDewan Bahasa dan Pustaka ,
_c1973
300 _a61 pages
336 _2rdacontent
_atext
337 _2rdamedia
_aunmediated
338 _2rdacarrier
_avolume
942 _ddc
_cB
999 _c98916
_d98916